000 00348nam a22001217a 4500
008 230609b xxu||||| |||| 00| 0 eng d
082 _a354.676
_bGOK
110 _bGOK
245 _a2005/2006 Estimates of Development Expenditure of the GOk for the Year Endeing 30th June, 2006
260 _aKenya
_bGoK
_cJune, 2005
300 _a414p
942 _2ddc
_cBK
999 _c942
_d942